Retailing in the 21st century

This book will help students understand how to start a retail business from the ground up. The authors' focus throughout the book is on being organized and purposeful and knowing every step of the way where the business is going and why. The major goals include learning to strategize, expect th...

全面介绍

Đã lưu trong:
书目详细资料
主要作者: Thomas, Chris
格式: 图书
语言:Undetermined
出版: Hoboken, N.J. Wiley 2006
主题:
标签: 添加标签
没有标签, 成为第一个标记此记录!
Thư viện lưu trữ: Trung tâm Học liệu Trường Đại học Cần Thơ
LEADER 01114nam a2200205Ia 4500
001 CTU_157194
008 210402s9999 xx 000 0 und d
020 |c 93.75 
082 |a 658.87 
082 |b Th454 
100 |a Thomas, Chris 
245 0 |a Retailing in the 21st century 
245 0 |c Chris Thomas, Rick Sege 
260 |a Hoboken, N.J. 
260 |b Wiley 
260 |c 2006 
520 |a This book will help students understand how to start a retail business from the ground up. The authors' focus throughout the book is on being organized and purposeful and knowing every step of the way where the business is going and why. The major goals include learning to strategize, expect the best but prepare for the worst, create a positive work environment, and keep yourself and your staff motivated to find the best merchandise and offer it enthusiastically to your customers at a fair price. After reading this book, students will be prepared to be a successful retailer in the 21st century. 
650 |a Retail trade 
904 |i Tuyến 
980 |a Trung tâm Học liệu Trường Đại học Cần Thơ